000 00199nam a2200109Ia 4500
100 _aGOLD/PETER
942 _cBK
245 _aALTAR OF THE PATH
260 _b#N/A
546 _aENGLISH
999 _c34257
_d34257